| 000 | 01146nac a22002651u 4500 | ||
|---|---|---|---|
| 010 | _a 97052664 | ||
| 020 | _a0444822062 (alk. paper) | ||
| 082 | 0 | 0 |
_a332.042 _bR5409 |
| 090 |
_c2086 _d2086 |
||
| 100 | _a20080729 | ||
| 245 | 0 | 0 |
_aFinancial markets and capital income taxation in a global economy / _cedited by Paolo Roberti. |
| 260 |
_aNew York : _bElsevier,1998 _c1998. |
||
| 300 |
_axiv, 413 p. : _bill. ; _c23 cm. |
||
| 440 | 0 |
_aAdvances in finance, investment and banking ; _vvol. 4 |
|
| 504 | _aIncludes bibliographical references. | ||
| 650 | 0 |
_aInternational finance _xCongresses. |
|
| 650 | 0 |
_aCapital market _xCongresses. |
|
| 650 | 0 |
_aCapital levy _xCongresses. |
|
| 650 | 0 |
_aIncome tax _xCongresses. |
|
| 700 | 1 | _aRoberti, Paolo. | |
| 856 | 4 | 2 |
_3Publisher description _uhttp://www.loc.gov/catdir/enhancements/fy0601/97052664-d.html |
| 856 | 4 | 2 |
_3Table of contents only _uhttp://www.loc.gov/catdir/enhancements/fy0601/97052664-t.html |
| 942 |
_cBB _k332.042R5409 |
||
| 999 |
_c2086 _d2086 |
||